Photoshop 7 : Complete Course

Each session explains chapter goals, materials needed, time required, a list of key concepts and features, and additional projects. Each page includes screenshots or photographs to accompany the text. CD-ROM contains all of the files and materials needed for the project

保存先:
書誌詳細
第一著者: Kabili, Jan
フォーマット: 図書
言語:Undetermined
出版事項: Indiana Wiley Publishing 2003
主題:
タグ: タグ追加
タグなし, このレコードへの初めてのタグを付けませんか!
Thư viện lưu trữ: Trung tâm Học liệu Trường Đại học Cần Thơ
LEADER 00834nam a2200217Ia 4500
001 CTU_151783
008 210402s9999 xx 000 0 und d
020 |c 31.49 
082 |a 006.6 
082 |b K11 
100 |a Kabili, Jan 
245 0 |a Photoshop 7 : 
245 0 |b Complete Course 
245 0 |c Jan Kabili 
260 |a Indiana 
260 |b Wiley Publishing 
260 |c 2003 
520 |a Each session explains chapter goals, materials needed, time required, a list of key concepts and features, and additional projects. Each page includes screenshots or photographs to accompany the text. CD-ROM contains all of the files and materials needed for the project 
650 |a Computer graphics,Đồ hoạ vi tính 
904 |i Phạm Thị Chuyên, Năm 
980 |a Trung tâm Học liệu Trường Đại học Cần Thơ